Federal Justice Statistics Program: Defendants in Federal Criminal Cases -- Terminated, 2007 (United States)

The data contain records of defendants in federal criminal cases terminated in United States District Court during fiscal year 2007. The data were constructed from the Executive Office for United States Attorneys (EOUSA) Central System file. According to the EOUSA, the United States attorneys conduc...

Descripción completa

Guardado en:  
Detalles Bibliográficos
Autor Corporativo: USA. VerfasserIn (Autor)
Tipo de documento: Electrónico Research Data Statistics
Lenguaje:Inglés
Publicado: [Erscheinungsort nicht ermittelbar] [Verlag nicht ermittelbar] 2009
En:Año: 2009
Acceso en línea: Volltext (kostenfrei)
Verificar disponibilidad: HBZ Gateway
Palabras clave:

MARC

LEADER 00000cam a22000002c 4500
001 1840052163
003 DE-627
005 20250704223557.0
007 cr uuu---uuuuu
008 230324s2009 xx |||||os 00| ||eng c
024 7 |a 10.3886/ICPSR24227.v2  |2 doi 
035 |a (DE-627)1840052163 
035 |a (DE-599)KXP1840052163 
040 |a DE-627  |b ger  |c DE-627  |e rda 
041 |a eng 
084 |a 2,1  |2 ssgn 
110 2 |a USA  |b Bureau of Justice Statistics  |e VerfasserIn  |0 (DE-588)128916-0  |0 (DE-627)102383049  |0 (DE-576)190702192  |4 aut 
245 1 0 |a Federal Justice Statistics Program: Defendants in Federal Criminal Cases -- Terminated, 2007 (United States) 
264 1 |a [Erscheinungsort nicht ermittelbar]  |b [Verlag nicht ermittelbar]  |c 2009 
336 |a Text  |b txt  |2 rdacontent 
337 |a Computermedien  |b c  |2 rdamedia 
338 |a Online-Ressource  |b cr  |2 rdacarrier 
520 |a The data contain records of defendants in federal criminal cases terminated in United States District Court during fiscal year 2007. The data were constructed from the Executive Office for United States Attorneys (EOUSA) Central System file. According to the EOUSA, the United States attorneys conduct approximately 95 percent of the prosecutions handled by the Department of Justice. The Central System data contain variables from the original EOUSA files as well as additional analysis variables, or "SAF" variables, that denote subsets of the data. These SAF variables are related to statistics reported in the Compendium of Federal Justice Statistics. Variables containing identifying information (e.g., name, Social Security Number) were replaced with blanks, and the day portions of date fields were also sanitized in order to protect the identities of individuals. These data are part of a series designed by the Urban Institute (Washington, DC) and the Bureau of Justice Statistics. Data and documentation were prepared by the Urban Institute. 
540 |a ICPSR Terms of Use 
650 0 7 |0 (DE-588)4142415-3  |0 (DE-627)105613363  |0 (DE-576)209718587  |a Angeklagter  |2 gnd 
650 0 7 |0 (DE-588)4331950-6  |0 (DE-627)148045499  |0 (DE-576)211326151  |a Bezirksgericht  |2 gnd 
650 0 7 |0 (DE-588)4057799-5  |0 (DE-627)10614944X  |0 (DE-576)209123745  |a Straftat  |2 gnd 
650 0 7 |0 (DE-588)4057803-3  |0 (DE-627)106149431  |0 (DE-576)209123753  |a Strafverfolgung  |2 gnd 
650 4 |a Defendants 
650 4 |a district courts 
650 4 |a Offenses 
650 4 |a Prosecution 
655 7 |a Statistik  |y 2007  |z USA  |0 (DE-588)4056995-0  |0 (DE-627)106152955  |0 (DE-576)209119799  |2 gnd-content 
655 7 |a Forschungsdaten  |0 (DE-588)1098579690  |0 (DE-627)857755366  |0 (DE-576)469182156  |2 gnd-content 
787 0 8 |i Forschungsdaten zu  |a Anderson, James M.  |t The Changing Role of Criminal Law in Controlling Corporate Behavior  |d [Erscheinungsort nicht ermittelbar] : RAND Corporation, 2014  |w (DE-627)1912475774 
787 0 8 |i Forschungsdaten zu  |a Starr, Sonja B.  |t Estimating Gender Disparities in Federal Criminal Cases  |d [Erscheinungsort nicht ermittelbar] : University of Michigan Program in Law and Economics, 2012  |w (DE-627)1912540622 
787 0 8 |i Forschungsdaten zu  |a Motivans, Mark  |t Immigration Offenders in the Federal Justice System, 2010  |d United States Department of Justice, Office of Justice Programs, Bureau of Justice Statistics, 2012  |w (DE-627)1912581450 
787 0 8 |i Forschungsdaten zu  |a Starr, Sonja B.  |t Mandatory sentencing and racial disparity: Assessing the role of prosecutors and the effects of Booker  |d 2013  |w (DE-627)1912615797 
787 0 8 |i Forschungsdaten zu  |a Johnson, Brian  |t The Missing Link: Examining Prosecutorial Decision-making across Federal District Courts  |d 2014  |w (DE-627)1912623269 
787 0 8 |i Forschungsdaten zu  |a Rehavi, M. Marit  |t Racial Disparity in Federal Criminal Charging and Its Sentencing Consequences  |d University of Michigan Law School, Empirical Legal Studies Center, 2012  |w (DE-627)1912675536 
787 0 8 |i Forschungsdaten zu  |a Rehavi, M. Marit  |t Racial Disparity in Federal Criminal Sentences  |d [Erscheinungsort nicht ermittelbar] : [Verlag nicht ermittelbar], 2013  |w (DE-627)1912675544 
787 0 8 |i Forschungsdaten zu  |a Rehavi, M.M.  |t Racial disparity in federal criminal sentences  |d 2014  |w (DE-627)1912675552 
787 0 8 |i Forschungsdaten zu  |a Lundberg, Alexander  |t Resolving the Conviction Paradox: Federal Judges and Shifting Burdens of Proof  |d [Erscheinungsort nicht ermittelbar] : [Verlag nicht ermittelbar], 2017  |w (DE-627)1912687828 
856 4 0 |u https://doi.org/10.3886/ICPSR24227.v2  |x Resolving-System  |z kostenfrei  |3 Volltext  |7 0 
935 |a mkri 
951 |a BO 
ELC |a 1 
LOK |0 000 xxxxxcx a22 zn 4500 
LOK |0 001 429679969X 
LOK |0 003 DE-627 
LOK |0 004 1840052163 
LOK |0 005 20230324125224 
LOK |0 008 230324||||||||||||||||ger||||||| 
LOK |0 035   |a (DE-2619)ICPSR24227 
LOK |0 040   |a DE-2619  |c DE-627  |d DE-2619 
LOK |0 092   |o n 
LOK |0 852   |a DE-2619 
LOK |0 852 1  |9 00 
LOK |0 935   |a stat  |a foda  |a nacj 
LOK |0 939   |a 24-03-23  |b l01 
OAS |a 1 
ORI |a SA-MARC-krimdoka001.raw 
TIM |a 100020070101_100020071231  |b 2007 - 2007